| 000 | 00339nam a2200121Ia 4500 | ||
|---|---|---|---|
| 008 | 191014s9999 xx 000 0 und d | ||
| 082 |
_a530.143 _bSCH |
||
| 100 |
_aSilvan S. Schweber _920286 |
||
| 245 | 3 | _aAn introduction To Relativistic Quantum Field Theory | |
| 260 |
_aNew York _bHarper & Row _c1964 |
||
| 300 | _aXii,913 | ||
| 942 | _cBK | ||
| 999 |
_c530856 _d530856 |
||